[Event "Hessen-ch qual-F"]
[Site "Erlensee"]
[Date "2007.04.06"]
[Round "1"]
[White "Giesen, Frank"]
[Black "Hahn, Florian"]
[Result "0-1"]
[WhiteElo "1043"]
[BlackElo "1230"]
[PlyCount "98"]
[EventDate "2007.04.06"]
[EventType "swiss"]
[EventRounds "5"]
[EventCountry "GER"]
[SourceTitle "CBM 117 Extra"]
[Source "ChessBase"]
[SourceDate "2007.05.09"]
[SourceVersion "1"]
[SourceVersionDate "2007.05.09"]
[SourceQuality "1"]

1. e4 c5 2. Nf3 d6 3. Nc3 Nf6 4. Bb5+ Bd7 5. Bxd7+ Qxd7 6. 0-0 Nc6 7. Re1 e6 8. d4 cxd4 9. Nxd4 Be7 10. Bf4 Nxd4 11. Qxd4 e5 12. Bxe5 dxe5 13. Qxe5 0-0 14. Nd5 Nxd5 15. exd5 Bf6 16. Qh5 Rfe8 17. c4 Bxb2 18. Rad1 Bf6 19. c5 Rac8 20. d6 Bc3 21. Re3 Rxe3 22. fxe3 Bb4 23. Rc1 Bd2 24. Rd1 Bxe3+ 25. Kh1 Bxc5 26. Qd5 Bxd6 27. g3 Qc6 28. Kg2 g6 29. Kf3 Qxd5+ 30. Rxd5 Rc6 31. Kg4 Rc4+ 32. Kf3 Bf8 33. Rd7 Rb4 34. Ke3 Rb2 35. a4 Bc5+ 36. Kd3 a5 37. Kc4 b6 38. h4 Rb4+ 39. Kd5 Rxa4 40. Kc6 Rg4 41. Rd8+ Kg7 42. Ra8 Rxg3 43. Ra6 Rg4 44. Kb5 Rxh4 45. Ra8 f5 46. Ra7+ Kh6 47. Ra6 f4 48. Rxa5 bxa5 49. Kxa5 Rh1 0-1

[Event "GER-ch op U25"]
[Site "Willingen"]
[Date "2006.06.04"]
[Round "3"]
[White "Giesen, Frank"]
[Black "Draeger, Julian"]
[Result "0-1"]
[WhiteElo "901"]
[BlackElo "1125"]
[PlyCount "80"]
[EventDate "2006.06.04"]
[EventType "swiss"]
[EventRounds "9"]
[EventCountry "GER"]
[SourceTitle "EXT 2007"]
[Source "ChessBase"]
[SourceDate "2006.11.23"]
[SourceVersion "1"]
[SourceVersionDate "2006.11.23"]
[SourceQuality "1"]

1. e4 e5 2. Nf3 Nc6 3. d4 exd4 4. Nxd4 Bc5 5. Be3 Bb6 6. Nc3 Nf6 7. Nxc6 bxc6 8. Qd2 d5 9. Bxb6 cxb6 10. 0-0-0 Be6 11. Ba6 Rb8 12. Rhe1 0-0 13. e5 Nd7 14. Bd3 d4 15. Ne4 Nxe5 16. f4 Nxd3+ 17. Qxd3 c5 18. Ng5 g6 19. Rxe6 fxe6 20. Nxe6 Qf6 21. Nxf8 Rxf8 22. Qc4+ Kg7 23. g3 g5 24. Qa6 gxf4 25. Qb7+ Rf7 26. Qf3 Qg5 27. gxf4 Rxf4 28. Qb7+ Rf7+ 29. Kb1 Rxb7 30. h4 Qxh4 31. Rg1+ Kh6 32. Kc1 Rg7 33. Rf1 Qg5+ 34. Kd1 Qg4+ 35. Ke1 Qe4+ 36. Kd1 Rg2 37. Rh1+ Kg5 38. Rh5+ Kxh5 39. b4 Qxc2+ 40. Ke1 Rg1# 0-1